Double F Words Quiz Stats

Quiz Updated Feb 16, 2012

Also try: Double G (A-Z)
Challenge
Share
Tweet
Embed
Score 0/30 Timer 08:00
0 Plays Today
Clue FF Word % Correct
Homer Simpson's beer or Lizzie McGuire actressDuff
93.1%
A runny nose may cause a person to do this tiny snort, to others' annoyancesniffle
82.8%
Coffee has double f's; so does its key ingredient for us non-morning peoplecaffeine
82.2%
Who's funnier - David Brent or Michael Scott? Watch the UK and US versions of this show to decideThe Office
77.8%
You can do this to a turkey, a ballot box or your facestuff
77%
You can shuffle off to this city which is famous for Wings and BillsBuffalo
76.1%
This president's Washington D.C. Memorial is popular with tourists, but not as popular as Lincoln'sThomas Jefferson
62.5%
From Harry Potter: a Hogwarts HouseGryffindor or Hufflepuff
62.3%
Someone who has a permanent address at the Bone Orchard would probably be found in this type of boxcoffin
60%
French fungal delicacy, traditionally dug up by pigstruffles
57.4%
Steven Soderbergh award winning film or Los Angeles gridlockTraffic
54.5%
To scrape with the feet, or a mark left by light abrasionscuff
54.1%
The start of every ice hockey game, or a John Travolta movieFaceoff (Face/Off)
52.8%
Airy and soft, having the feel of light down or fuzzfluffy
51.1%
Portrayor of Jon (J.D.) Dorian on ScrubsZach Braff
46.8%
Clue FF Word % Correct
It can be an automobile part or a scarfmuffler
44.5%
Popcorn brand with a name that alludes to its quick cooking timeJiffy Pop
44%
Urban legend has it that this Teamster leader's body is buried under New Jersey's Giants StadiumJimmy Hoffa
43.4%
Big Bird's woolly mammoth buddyAloysius Snuffleupagus
40.3%
This spice, made from crocus stigmas, is one of the most expensive in the worldsaffron
36.7%
Challenging, like an expert's crossword puzzle or mountainous terraindifficult
35.7%
Outwardly displaying feelings of love and tendernessaffectionate
30.8%
Character played by Ken on 'Dallas', John on 'Cheers' and Bill on 'The Cosby Show'Cliff
30.2%
These large-beaked birds of the auk family come in Atlantic, Horned or Tufted speciespuffins
28.3%
Electrician in charge of lighting in film and television or, in Britain, a bossgaffer
27.5%
To drink a hearty draftquaff
23.8%
The founder of Singapore; his surname is the same as a word for prize drawsSir Stamford Raffles
19.9%
Bubbly; 'Lachrymose is to dyspeptic as ebullient is to...'effervescent
16.3%
Disreputable, low-class group of people, or one of Underdog's cartoon foesRiff Raff
14.3%
Corpulent knight who appears in three Shakespeare playsSir John Falstaff
11.8%

You're not logged in!

Compare scores with friends on all Sporcle quizzes.
Join for Free
OR
Log In

You Might Also Like...

Show Comments

Extras

Top Quizzes Today


Score Distribution

Your Account Isn't Verified!

In order to create a playlist on Sporcle, you need to verify the email address you used during registration. Go to your Sporcle Settings to finish the process.

Report this User

Report this user for behavior that violates our Community Guidelines.

Details: